| 000 | 01495nam a2200205 a 4500 | ||
|---|---|---|---|
| 001 | ASIN1860648436 | ||
| 005 | 20170105102928.0 | ||
| 008 | 131213s2004 xxu eng d | ||
| 020 |
_a1860648436 (hardcover) _c$75.00 |
||
| 020 | _a9781860648434 (hardcover) | ||
| 040 | _a0 | ||
| 082 |
_a320.9409045 _bHAS 2005 |
||
| 100 | 1 | _aHaseler, Stephen. | |
| 245 | 1 | 0 |
_aSuper-state : _bthe new europe and its challenge to america / _cStephen Haseler. |
| 260 |
_a[S.l.] : _bI. B. Tauris, _c2004. |
||
| 300 |
_a240 p. ; _c22 cm. |
||
| 520 | _aEven before Donald Rumsfeld's infamous "Old Europe" gibe, Europe's divergence from America on issues like war with Iraq and trade competition has become increasingly ill-tempered. With the Euro successfully launched and a European army a real prospect, Europe is now a recognizable political entity on the world scene. A population of over 300 million and the world's largest economy have already turned the EU into a super-power, but it is now on the verge of being a super-state. Haseler examines why the new European super-state has emerged, how it will inevitably rival the United States and how America is reacting to this new world player. Super-State explores what this new EU super-state means for the citizens of Europe and their attitudes to America, looking specifically at how a eurosceptic Britain will fit into this new structure. | ||
| 856 | 4 | 0 |
_3Amazon.com _uhttp://www.amazon.com/exec/obidos/ASIN/1860648436/chopaconline-20 |
| 942 |
_2ddc _cBK |
||
| 999 |
_c15920 _d15920 |
||